| 000 | 01353nam a22002297a 4500 | ||
|---|---|---|---|
| 999 |
_c63291 _d63291 |
||
| 005 | 20250728152138.0 | ||
| 008 | 250728s2023 en ||||| |||| 00| 0 eng d | ||
| 020 | _a9780323796835 X | ||
| 041 | _aeng | ||
| 080 | _a617 C-17 | ||
| 100 |
_aCameron, John L _925692 |
||
| 245 |
_aCurrent surgical therapy / _cJohn L. Cameron, Andrew M. Cameron |
||
| 250 | _a14th edition | ||
| 264 |
_aPhiladelphia : _bElsevier, _c 2023. |
||
| 300 |
_a1654 p.: _bill; |
||
| 653 | _aCurrent surgical therapy | ||
| 653 | _aAn essential resource for written, oral, and recertifying board study, as well as an excellent reference for everyday clinical practice, Current Surgical Therapy, 14th Edition, provides trusted, authoritative advice on today's best treatment and management options for general surgery. Residents and practitioners alike appreciate the concise, highly formatted approach to each topic, as well as the practical, hands-on advice on selecting and implementing current surgical approaches from today's preeminent general surgeons. This highly regarded text remains the only surgical reference of its kind, offering a complete array of topics and delivering just the key facts | ||
| 653 | _a ქირურგიული თერაპია | ||
| 653 | _aმედიცინა | ||
| 700 |
_a Cameron, M.Andrew _925693 |
||
| 942 |
_2udc _cBK |
||